| 000 | 00544nam a22001817a 4500 | ||
|---|---|---|---|
| 999 |
_c164947 _d164947 |
||
| 005 | 20190530153914.0 | ||
| 010 | _aENG-125411 | ||
| 020 | _c195.00 | ||
| 035 | _aEN-108943 | ||
| 037 | _bDBAD/PUB | ||
| 082 | _a006.686 | ||
| 100 | _aBittu Kumar | ||
| 245 |
_aComprehensive computer learning : _cby Bittu Kumar _badobe photoshop / |
||
| 260 |
_aNew Delhi _bV&S Publishers _c2013 |
||
| 270 |
_aF-2/16, Ansari Road, Daryaganj _bNew Delhi _e110002 _k011-23240028 |
||
| 300 |
_a151p. _c24cm(pbk) |
||
| 942 |
_2ddc _cEN _h006.686 _kBIT |
||